ბათუმის შოთა რუსთაველის სახელმწიფო უნივერსიტეტის ბიბლიოთეკა

Инженерная подготовка застраиваемых территорий. (ბიბ.ჩანაწერი № 41129)

000 -LEADER
fixed length control field 00780nam a2200205Ia 4500
001 - CONTROL NUMBER
control field 7779
003 - CONTROL NUMBER IDENTIFIER
control field GE_BSU
008 - FIXED-LENGTH DATA ELEMENTS--GENERAL INFORMATION
fixed length control field 181216s||||||||xx |||||||||||||| ||und||
040 ## - CATALOGING SOURCE
Transcribing agency GE_BSU
080 ## - UNIVERSAL DECIMAL CLASSIFICATION NUMBER
Universal Decimal Classification number 624.137
100 ## - MAIN ENTRY--PERSONAL NAME
Personal name Моисеев,В.Ю. Побегаило,И.М. Сидорчук ,В.Н. и др.
245 ## - TITLE STATEMENT
Title Инженерная подготовка застраиваемых территорий.
245 ## - TITLE STATEMENT
Statement of responsibility, etc. Под ред. В.Ю.Моисеева; Ред. З.А.Полтороцкая.
260 ## - PUBLICATION, DISTRIBUTION, ETC.
Place of publication, distribution, etc. Киев.
260 ## - PUBLICATION, DISTRIBUTION, ETC.
Name of publisher, distributor, etc. Будивельник.
260 ## - PUBLICATION, DISTRIBUTION, ETC.
Date of publication, distribution, etc. 1974.
300 ## - PHYSICAL DESCRIPTION
Extent 271стр.с илл.22см.Библиогр.:стр.267-270.
653 ## - INDEX TERM--UNCONTROLLED
Uncontrolled term Инженерная подготовка застраиваемых территорий.
942 ## - ADDED ENTRY ELEMENTS (KOHA)
Koha item type წიგნი
ეგზემპლარები
Withdrawn status Lost status Damaged status Not for loan Date acquired Barcode Date last seen Price effective from Koha item type
        2018-12-17 10046 2018-12-17 2018-12-17 წიგნი